000 00691nam a2200241 i 4500
001 C2-0290390
003 PPAK
005 20180728022917.0
008 081006s2007 enka|||| ||||| | eng d
020 _a9781405318457
040 _aPPAK
_beng
_cPPAK
_erda
082 0 4 _a791.4372
_223
090 0 0 _a791.4372
_bCOL
_dRLCK
100 1 _aCole, Stephen,
_eauthor
245 1 0 _aShrek :
_bthe essential guide
264 1 _aLondon :
_bDream Works ,
_c2007
300 _a64 pages :
_bcolour illustrations ;
_c29 cm
336 _2rdacontent
_atext
337 _2rdamedia
_aunmediated
338 _2rdacarrier
_avolume
650 1 0 _aShrek (Motion picture) - Juvenile literature
942 _ddc
_cB
999 _c95645
_d95645